The loved one: an anglo-american tragedy

Saved in:
Bibliografiske detaljer
Hovedforfatter: Waugh, Evelyn (Author)
Format: Bog
Sprog:engelsk
Udgivet: Harmondsworth Penguin Books 1951
Fag:
Tags: Tilføj Tag
Ingen Tags, Vær først til at tagge denne postø!

MARC

LEADER 00000nam a2200000 a 4500
001 UCQ3946
003 CL-VaPUC
008 980828e19510000uk |||||||||||||||||eng|d
082 0 4 |a 823  |b WAU  |2 21 
100 0 |a Waugh, Evelyn  |e author  |9 348878 
245 1 4 |a The loved one: an anglo-american tragedy 
300 |a 126 p 
942 |c BK 
945 |d 19980828 00:00:00  |a crobeson 
260 |a Harmondsworth  |b Penguin Books  |c 1951 
650 0 |a Novelas inglesas  |9 265220 
650 0 |a Literatura inglesa  |9 312907 
583 |a last modification  |c 20171204 02:47:13  |k Rodrigo Vera 
999 |c 274456  |d 274454 
952 |0 0  |1 0  |4 0  |6 823_000000000000000_WAU_1951  |7 0  |8 A  |9 310619  |a BIBEDU  |b BIBEDU  |d 2019-11-20  |i 1459988  |o 823 WAU 1951  |p 1459988  |r 2019-11-20  |w 2019-11-20  |y BK  |k LIT